000 00313nam a22001337a 4500
008 170406b xxu||||| |||| 00| 0 eng d
020 _a0881673579
041 _aeng
080 _a575
100 _a9
101 _aSHM
245 _aIMUNOLOGY OF GASTROINTESTINAL TRACT AND LIVER
_cHEYWORTH.M.F
942 _2udc
_cBK
999 _c9954
_d9954